000 00530nam a22001697a 4500
005 20240319113937.0
008 240211b |||||||| |||| 00| 0 eng d
020 _a9280620088
082 _a362.795
_bSOU
245 _aSouth Asia consultations on achieving the goals of the 1990s for children development
260 _bTha UNICEF region of South Asia,
_c1992
300 _ax., 86 p.
650 _aCHILDREN WELFARE-South Asian countries
650 _aSocial welfare services
700 _aMatthai, Thomas P.
_eed.
942 _cBK
999 _c4737
_d4737